LEADER 01323nam a2200241 i 4500 001 000000014398 003 CaOOAMICUS 005 20180830125442.0 008 180830s1968 it u000 u ita u 040 $aSeMil$bita 240 10$aElementi di medicina e psicologia pastorale.$0(OLS)http://semarc/title/12454 245 10$aCorso medico-psicologico per sacerdoti e religiosi /$ccorso organizzato dall'OARI tramite il suo Centro medico-psicologico-religioso «Maria Mediatrice», ... ; a cura [di] Agostino Massone. 260 $aVarese :$bOARI,$c1968-1970- 300 $a3 v. ;$c23 cm. 650 4$aMedicina - Etica e morale.$0(OLS)http://semarc/subject/1468 650 4$aPsicologia pastorale.$0(OLS)http://semarc/subject/257 700 1 $aMassone, Agostino.$0(OLS)http://semarc/name/4644 700 1 $aOARI : Centro medico-psicologico-religioso «Maria Mediatrice».$0(OLS)http://semarc/name/6763 774 0 $t1.$dVarese : OARI, 1968.$g1$w()68983 774 0 $tElementi di medicina e psicologia pastorale.$dVarese : OARI, 1969.$g2$w()68984 774 0 $tElementi di medicina e psicologia pastorale.$dVarese : OARI, 1970.$g3$w()70211 996 $6245$aCorso medico-psicologico per sacerdoti e religiosi$9(OLS)http://semarc/title/19103 996 $6260$aVarese :$bOARI$9(OLS)http://semarc/publisher/31493 LEADER 01184nam a2200205 i 4500 001 000000017349 003 CaOOAMICUS 005 20180830125443.0 008 180830s1972 it u000 u ita u 040 $aSeMil$bita 100 1 $aFossati, Luigi.$0(OLS)http://semarc/name/7931 245 10$aP. Giovanni Piamarta :$bdocumentazioni e testimonianze : il Servo di Dio e le sue fondazioni /$cLuigi Fossati. 260 $aBrescia :$bQueriniana,$c1972-1973. 300 $a6 v. ;$c25 cm. 774 0 $aPiamarta, Giovanni Battista $tLettere di p. Giovanni Piamarta e dei suoi corrispondenti.$dBrescia : Queriniana, stampa 1994.$g5$w()43861 774 0 $aColloquio di studio «Giovanni Piamarta e il suo tempo» <1987 ; Brescia>$tGiovanni Piamarta e il suo tempo (1841-1913).$d[Brescia] : Queriniana, stampa 1987.$g6$w()119294 774 0 $aFossati, Luigi$t1: Dalla nascita alla prima fondazione : 1841-888.$g1$w()159479 774 0 $aFossati, Luigi$t2..$g2$w()159481 996 $6245$aP. Giovanni Piamarta :$bdocumentazioni e testimonianze : il Servo di Dio e le sue fondazioni$9(OLS)http://semarc/title/22933 996 $6260$aBrescia :$bQueriniana$9(OLS)http://semarc/publisher/29615 LEADER 04470nam a2200445 i 4500 001 000000030030 003 CaOOAMICUS 005 20250808101820.0 008 180830n2000 it u000 u ita u 040 $aSeMil$bita 100 1 $aManzoni, Alessandro,$d<1785-1873>.$0(OLS)http://semarc/name/1162 245 10$aEdizione nazionale ed europea delle opere di Alessandro Manzoni :$btesti criticamente riveduti e commentati /$cdiretta da Giancarlo Vigorelli. 264 1$aMilano :$bCentro Nazionale Studi Manzoniani,$c2000- 300 $a36 v. ;$c23 cm. 700 1 $aVigorelli, Giancarlo,$d<1913-2005>.$0(OLS)http://semarc/name/6323 774 0 $aManzoni, Alessandro <1785-1873>$t1: Inni sacri e odi civili / .$dMilano : Centro Nazionale Studi Manzoniani, 2017.$z978-88-319-0600-5$w()332526 774 0 $aManzoni, Alessandro <1785-1873>$t3: Il conte di Carmagnola.$dMilano : Centro Nazionale Studi Manzoniani, 2004.$w()332527 774 0 $aManzoni, Alessandro <1785-1873>$t4: Adelchi.$dMilano : Centro Nazionale Studi Manzoniani, 2015.$z978-88-87924-33-6$w()332536 774 0 $aManzoni, Alessandro <1785-1873>$t5: Discorso sopra alcuni punti della storia longobardica in Italia / .$dMilano : Centro Nazionale Studi Manzoniani, 2005.$w()332537 774 0 $aManzoni, Alessandro <1785-1873>$t6.2 Materiali per una teoria dell'arte drammatica.$dMilano : Centro Nazionale Studi Manzoniani, 2024.$z978-88-319-0616-6$w()363868 774 0 $aManzoni, Alessandro <1785-1873>$t11: I promessi sposi.$dMilano : Centro Nazionale Studi Manzoniani, 2013.$z978-88-87924-27-5$w()230334 774 0 $aManzoni, Alessandro <1785-1873>$t12: Storia della colonna infame.$dMilano : Centro Nazionale Studi Manzoniani, 2013.$w()230335 774 0 $aManzoni, Alessandro <1785-1873>$t13: Sul romanticismo.$dMilano : Centro Nazionale Studi Manzoniani, 2008.$z978-88-87924-67-1$w()332539 774 0 $aManzoni, Alessandro <1785-1873>$t14: Del romanzo storico e, in genere, de' componimenti misti di storia e d'invenzione.$dMilano : Centro Nazionale Studi Manzoniani, 2000.$w()332540 774 0 $aManzoni, Alessandro <1785-1873>$t15: La Rivoluzione francese del 1789 e la Rivoluzione italiana del 1859, Dell'indipendenza dell'Italia / .$dMilano : Centro Nazionale Studi Manzoniani, 2000.$w()332541 774 0 $aManzoni, Alessandro <1785-1873>$t16: Dell'invenzione e altri scritti filosofici.$dMilano : Centro Nazionale Studi Manzoniani, 2004.$w()332551 774 0 $aManzoni, Alessandro <1785-1873>$t17-18: Scritti linguistici inediti.$dMilano : Centro Nazionale Studi Manzoniani, 2000.$w()332552 774 0 $aManzoni, Alessandro <1785-1873>$t19: Scritti linguistici editi.$dMilano : Centro Nazionale Studi Manzoniani, 2000.$w()332558 774 0 $aManzoni, Alessandro <1785-1873>$t20: Postille.$dMilano : Centro Nazionale Studi Manzoniani, 2002.$w()332559 774 0 $t23.2: Postille di Luigi Rossari al Dizionario universale critico enciclopedico di Francesco D'Alberti di Villanuova (Milano, Cairo, 1825).$dMilano : Centro Nazionale Studi Manzoniani, 2014.$z978-88-87924-29-9$w()332560 774 0 $aManzoni, Alessandro <1785-1873>$t24: Postille al Vocabolario della crusca nell'edizione veronese.$dMilano : Centro Nazionale Studi Manzoniani, 2005.$w()332561 774 0 $aManzoni, Alessandro <1785-1873>$t27: Carteggio Alessandro Manzoni-Claude Fauriel.$dMilano : Centro Nazionale Studi Manzoniani, 2000.$w()332562 774 0 $aManzoni, Alessandro <1785-1873>$t28: Carteggio Alessandro Manzoni-Antonio Rosmini.$dMilano : Centro Nazionale Studi Manzoniani, 2003.$w()332563 774 0 $aManzoni, Alessandro <1785-1873>$t29: Carteggi letterari.$dMilano : Centro Nazionale Studi Manzoniani, 2010-2017.$w()4272 774 0 $aManzoni, Alessandro <1785-1873>$t30.1: Carteggi familiari 1.$dMilano : Centro Nazionale Studi Manzoniani, 2006.$w()332567 774 0 $aManzoni, Alessandro <1785-1873>$t30.2: Carteggi familiari 2.$dMilano : Centro Nazionale Studi Manzoniani, 2006.$w()332568 774 0 $aManzoni, Alessandro <1785-1873>$t31: Carteggi familiari. 2, Alessandro Manzoni, Vittoria e Giambattista Giorgini.$dMilano : Centro Nazionale Studi Manzoniani, 2019.$w()345832 996 $6245$aEdizione nazionale ed europea delle opere di Alessandro Manzoni :$btesti criticamente riveduti e commentati$9(OLS)http://semarc/title/40859 996 $6264$aMilano :$bCentro Nazionale Studi Manzoniani$9(OLS)http://semarc/publisher/34813 LEADER 01232nam a2200313 i 4500 001 000000110015 003 CaOOAMICUS 005 20091021000000.0 008 091021s1990 it u000 u ita u 013 $a82696 020 $a88-10-10336-X 040 $aSeMil$bita 245 13$aLa donna nella societą e nella Chiesa /$cErnesto Menghini (a cura) 260 $aBologna :$bEDB,$ccopyr. 1990. 300 $a142 p. ;$c22 cm. 490 0 $aEducatori e catechisti 500 $aFondo Card. C.M. Martini. 650 4$aBibbia - Donna.$0(OLS)http://semarc/subject/7422 650 4$aDonna e Chiesa.$0(OLS)http://semarc/subject/9329 650 4$aDonna e societą.$0(OLS)http://semarc/subject/19543 700 1 $aMenghini, Ernesto.$0(OLS)http://semarc/name/20273 830 0$aEducatori e catechisti.$0(OLS)http://semarc/title/6609 850 $aSeMil 852 $aSeMil$W1$xVenegono$y1$m2F I 79$j65939$B65939$CSeMilBibl$Z2$F92529 $81 941 1 $a4 961 $aOmaggio: Martini Card. Carlo Maria 996 $6020$a88-10-10336-X$9(OLS)http://semarc/number/91607 996 $6245$aLa donna nella societą e nella Chiesa$9(OLS)http://semarc/title/159844 996 $6260$aBologna :$bEDB$9(OLS)http://semarc/publisher/29669 LEADER 00452nab a2200145 i 4500 001 000000269758 003 CaOOAMICUS 005 20180831164831.0 008 180831n xx uu u0 0und r 013 $a15823 040 $aSeMil$bita 245 10$a[vedi periodico]. 500 $aDicembre 1994, inserto redazionale. 773 0 $aDi Stefano, Eva$tMunch.$dFirenze : Giunti, 1994.$z88-09-76192-8$w()174824 996 $6245$a[vedi periodico]$9(OLS)http://semarc/title/309439 LEADER 01367nam a2200337 i 4500 001 000000173060 003 CaOOAMICUS 005 20191217152431.0 008 080703s2008 it u000 u mul u 013 $a150511 020 $a978-88-10-80241-0 040 $aSeMil$bita 245 10$a23: Documenti ufficiali della Santa Sede, 2005-2006 /$c[a cura di Luca Grasselli]. 264 1$aBologna :$bEDB,$c2008. 300 $aLXXVII, 1829, 248 p. ;$c18 cm. 490 0 $aStrumenti 500 $aTesto ufficiale e versione italiana. 650 4$aSanta Sede - Documenti.$0(OLS)http://semarc/subject/697 700 1 $aGrasselli, Luca.$0(OLS)http://semarc/name/57973 710 2 $aSanta Sede.$0(OLS)http://semarc/name/1304 773 0 $aChiesa Cattolica$tEnchiridion Vaticanum.$dBologna : EDB, 1981-$g23$w()3307 830 0$aStrumenti.$0(OLS)http://semarc/title/6054 850 $aSeMil 852 $aSeMil$W1$xVenegono$y1$mSL1.X V 23$j123911$B123911$CSeMilBibl$Z2$F135061 $8I 910 2 $aChiesa Cattolica. 961 $aSottoscrizione: Cittą Nuova (Agente) 996 $6020$a978-88-10-80241-0$9(OLS)http://semarc/number/160631 996 $6245$a23: Documenti ufficiali della Santa Sede, 2005-2006$9(OLS)http://semarc/title/247876 996 $6264$aBologna :$bEDB$9(OLS)http://semarc/publisher/29669 LEADER 01184nam a2200277 i 4500 001 000000158325 003 CaOOAMICUS 005 20070205000000.0 008 070205s2006 it u000 u ita u 013 $a135688 020 $a88-88446-44-3 040 $aSeMil$bita 245 13$aLa donna e la salvezza :$bMaria e la vocazione femminile /$ca cura di Manfred Hauke. 260 $aLugano :$bEupress FTL,$c2006. 300 $a211 p. ;$c23 cm. 490 0 $aCollana di mariologia ;$v7 650 4$aBibbia - Personaggi femminili.$0(OLS)http://semarc/subject/7423 650 4$aMariologia - Studi.$0(OLS)http://semarc/subject/1438 700 1 $aHauke, Manfred,$d<1956- >.$0(OLS)http://semarc/name/35806 830 0$aCollana di mariologia ;$v7.$0(OLS)http://semarc/title/2617 850 $aSeMil 852 $aSeMil$W1$xVenegono$y1$m2L IV 108$j109976$B109976$CSeMilBibl$Z2$F120176 $81 961 $aOmaggio: Scanziani don Francesco 996 $6020$a88-88446-44-3$9(OLS)http://semarc/number/73710 996 $6245$aLa donna e la salvezza :$bMaria e la vocazione femminile$9(OLS)http://semarc/title/139694 996 $6260$aLugano :$bEupress FTL$9(OLS)http://semarc/publisher/56860 LEADER 01169nam a2200241 i 4500 001 000000044364 003 CaOOAMICUS 005 20091009000000.0 008 091009s1911 it u000 u lat u 013 $a15534 040 $aSeMil$bita 100 1 $aLaak, Hermann : van,$c.$0(OLS)http://semarc/name/1935 245 13$aDe ecclesia ut infallibili religionis revelatae magistra /$cHermanno van Laak. 260 $aPrati :$bEx officina libraria Giachetti,$c1911. 300 $a1 v. (paginazione varia) ;$c24 cm. 500 $aRilegati insieme i 2 fasc. che compongono il vol. 4 che hanno pag. distinte. 650 4$aTeologia fondamentale.$0(OLS)http://semarc/subject/235 650 4$aPapato - Infallibilitą.$0(OLS)http://semarc/subject/8957 773 0 $aLaak, Hermann : van $tInstitutiones theologiae fundamentalis.$dRomae : Typis Cuggiani $g4$w()2277 850 $aSeMil 852 $aSeMil$W1$xVenegono$y1$m2B IV 22$j10519$B10519$CSeMilBibl$Z2$F10519 $81 996 $6245$aDe ecclesia ut infallibili religionis revelatae magistra$9(OLS)http://semarc/title/65608 996 $6260$aPrati :$bEx officina libraria Giachetti$9(OLS)http://semarc/publisher/40549